Normal view MARC view
  • ALLEN,COVD V. AND MC . PHERSON, TIMOTHY

Entry Personal Name

Number of records used in: 1

001 - CONTROL NUMBER

  • control field: 7724

003 - CONTROL NUMBER IDENTIFIER

  • control field: JRU

005 - DATE AND TIME OF LATEST TRANSACTION

  • control field: 20230403155037.0

008 - FIXED-LENGTH DATA ELEMENTS

  • fixed length control field: 230403|| aca||aabn | a|a d

040 ## - CATALOGING SOURCE

  • Original cataloging agency: JRU
  • Transcribing agency: JRU

100 ## - HEADING--PERSONAL NAME

  • Personal name: ALLEN,COVD V. AND MC . PHERSON, TIMOTHY

670 ## - SOURCE DATA FOUND

  • Source citation: Work cat.: (JRU)8277: ALLEN,COVD V. AND MC . PHERSON, TIMOTHY, ANSEL'S PHARMACEUTICAL DOSAGE FORMS AND DRUG DELIVERY SYSTEMS, 2023